Country Flags with One-colour Borders - Statistics

General Stats
  • This quiz has been taken 22 times
  • The average score is 20 of 26
Answer Stats
Answer % Correct
China
100%
Japan
100%
Vietnam
93%
Albania
87%
Bangladesh
87%
Brazil
87%
Kazakhstan
87%
Kyrgyzstan
87%
Morocco
87%
Palau
87%
Saudi Arabia
87%
Somalia
87%
Afghanistan
80%
F.S. Micronesia
80%
Nepal
80%
South Korea
80%
Turkey
80%
Cyprus
67%
Switzerland
67%
Tunisia
67%
Maldives
60%
Montenegro
60%
Grenada
53%
Saint Lucia
53%
Kosovo
47%
Sri Lanka
40%
No matching quizzes found
Score Distribution
Percent of People with Each Score
Percentile by Number Answered
Your Score History
You have not taken this quiz